| 000 | 00348nam a22001457a 4500 | ||
|---|---|---|---|
| 003 | MACL | ||
| 005 | 20171103124940.0 | ||
| 008 | 171103b xxu||||| |||| 00| 0 eng d | ||
| 040 | _c MACL | ||
| 100 |
_aSingh, Justice Yatindra _969401 |
||
| 245 | _aCyber Laws | ||
| 260 |
_aHaryana _bLexisNexis _c2016 |
||
| 650 |
_aLaw _969402 |
||
| 942 |
_2ddc _cBK |
||
| 999 |
_c57140 _d57140 |
||